00385 2200145 4500001002100000005001500021035002000036245004200056100003400098300001900132260004000151082001200191084001800203020001800221INLIS00000000000144020240923035122 a0010-09240002201 aKUHP /cTim redaksi fokusindo mandiri0 aTim redaksi fokusindo mandiri a245 ;c14 x 21 abandung :bfokusindo mandiri,c2010 a345.598 a345.598 TIM k a9789791974202